书目信息 |
| 题名: |
民族传统体育游戏
|
|
| 作者: | 关槐秀 主编 | |
| 分册: | ||
| 出版信息: | 北京 北京体育大学出版社 2006 |
|
| 页数: | 158页 | |
| 开本: | 21cm | |
| 丛书名: | ||
| 单 册: | ||
| 中图分类: | G852.9 | |
| 科图分类: | ||
| 主题词: | 民族形式体育--游戏--中国 , 民族形式体育 , 游戏 | |
| 电子资源: | ||
| ISBN: | 7-81100-557-3 | |
| 000 | 00854nam0 2200253 450 | |
| 001 | 003294796 | |
| 005 | 20070808182330.40 | |
| 010 | @a7-81100-557-3@dCNY25.00 | |
| 100 | @a20060518d2006 em y0chiy0110 ea | |
| 101 | 0 | @achi |
| 102 | @aCN@b110000 | |
| 105 | @aa z 000yy | |
| 200 | 1 | @a民族传统体育游戏@9min zu chuan tong ti yu you xi@f关槐秀主编 |
| 210 | @a北京@c北京体育大学出版社@d2006 | |
| 215 | @a158页@c图@d21cm@e1光盘 | |
| 307 | @a附光盘:ISBN 7-88722-238-9 | |
| 330 | @a本书选编了有关走、跑、跳、投、球、冰雪、对抗、民间流传的游戏,使儿童在快乐的游戏之中潜移默化地认同民族文化,传承和发扬优秀民族文化。 | |
| 606 | 0 | @a民族形式体育@x游戏@y中国 |
| 606 | 0 | @a民族形式体育 |
| 606 | 0 | @a游戏 |
| 690 | @aG852.9@v4 | |
| 701 | 0 | @c(满)@a关槐秀@9guan huai xiu@c(女,@f1934~)@4主编 |
| 801 | 0 | @aCN@bNLC@c20070808 |
| 905 | @a10447@dG852.9@e162 | |
| 民族传统体育游戏/关槐秀主编.-北京:北京体育大学出版社,2006 |
| 158页:图;21cm+1光盘 |
| ISBN 7-81100-557-3:CNY25.00 |
| 本书选编了有关走、跑、跳、投、球、冰雪、对抗、民间流传的游戏,使儿童在快乐的游戏之中潜移默化地认同民族文化,传承和发扬优秀民族文化。 |
| ● |
| 相关链接 |
|
|
|
|
正题名:民族传统体育游戏
索取号:G852.9/162
 
预约/预借
| 序号 | 登录号 | 条形码 | 馆藏地/架位号 | 状态 | 备注 |
| 1 | 0809736 | 208097361 | 第一样本阅览室/ [索取号:G852.9/162] | 在馆 | |
| 2 | 0809737 | 208097370 | 第四借阅区/ [索取号:G852.9/162] | 在馆 | |
| 3 | 0809738 | 208097389 | 第四借阅区/ [索取号:G852.9/162] | 在馆 | |
| 4 | 0809739 | 208097398 | 第四借阅区/ [索取号:G852.9/162] | 在馆 | |
| 5 | 0810031 | 208100311 | 密集书库-体育系/ [索取号:G852.9/162] | 在馆 |